000
00230nam a2200097Ia 4500
008
120527s9999 xx 000 0 und d
100
_a
ROBINSON,David.
245
_a
Sources of the African past.
260
_b
Heinemann
942
_c
BK
999
_c
23822
_d
23822